Geography Ending in F, Starting with A-Z - Statistics

General Stats
  • This quiz has been taken 11 times
    5 since last reset
  • The average score is 11 of 26
Answer Stats
Clue Answer ending in F % Correct
H Bavarian town near the Czech border, a very short word found in stations Hof
100%
K KwaZulu-Natal town with a toilet in it Kloof
75%
A Saxony town whose name is a Yemeni city then a common German suffix for village Adendorf
50%
B That suffix again (as "Düssel" has), after another German ending meaning a town Burgdorf
50%
C Large, war-torn Somali town: its name contains a thin fish, pub, and vitamin Ceel baraf
50%
D Baden-Württemberg town whose name means "Think village" Denkendorf
50%
Q Royal figures and a straight-up face comprise this town near Melbourne Queenscliff
50%
E Moose with energy seen in Tunisian town El Kef
50%
F The Düssel... name ending again, belonging to Frederick this time Friedrichsdorf
50%
I Golf course in the Quad Cities area, Illinois, which is pretending to be for natives Indian Bluff
50%
J South African town whose name is the Jetpunk fish - no yes - east and south of the great barrier Jeppe's Reef
50%
L And a ladies' tennis star can be seen in this Dutch location Landgraaf
50%
M Major Afghan city in the northern Balkh province Mazar-i-Sharif
50%
P Small Arkansas city of trees and empty threats Pine Bluff
50%
R Town in Zimbabwe with a crimson rock structure Redcliff
50%
S Don't adjust your set if it's in this major Algerian city Setif
50%
T French three seen by village near Bonn Troisdorf
50%
V Parisian suburb, meaning Jewish town Villejuif
50%
G Major city in Sudan which is a state capital; a drug and a challenge are found in it Gedaref
25%
N Croatian town of one thousand found in eggs, ending in Romania Novi Marof
25%
U In this town near Zurich, a Pakistani language written without you, or anything else Urdorf
25%
W Suburb of Washington D.C. (District of Celery?) Waldorf
25%
Y Village in the West Bank, as you like it Yāsūf
25%
O Where French boy visits grand hall, or French-Moroccan town Oulad Khallouf
0%
X Where the Taj Mahal is found, having height in the centre; a talisman which loses its human side, Bond's gadget expert from a Maltese locale Xagħra tal-Isqof
0%
Z Bavarian town containing an iron mixture with oxygen extracted from it Zirndorf
0%
No matching quizzes found
Score Distribution
Percent of People with Each Score
Percentile by Number Answered
Your Score History
You have not taken this quiz since the last reset